Normal view
MARC view
Entry Topical Term
001 - CONTROL NUMBER
- control field: 9513
003 - CONTROL NUMBER IDENTIFIER
- control field: PK-LaUMT
005 - DATE AND TIME OF LATEST TRANSACTION
- control field: 20260226093051.0
008 - FIXED-LENGTH DATA ELEMENTS
- fixed length control field: 260226|| aca||aabn | a|a d
040 ## - CATALOGING SOURCE
- Original cataloging agency: PK-LaUMT
- Transcribing agency: PK-LaUMT
150 ## - HEADING--TOPICAL TERM
- Topical term or geographic name as entry element: Mathematical statistics-Data processing and machine learning
670 ## - SOURCE DATA FOUND
- Source citation: Work cat.: (PK-LaUMT)139908: Chen, John Tuhao 9512, Statistical prediction and machine learning /, 2024
